1975 1483 1280 1242 1589 1807 1393 1811 1516 1955 1628 1880 1036 1239 1326 1599 1495 1088 1433 1460 1328 1443 1820 1565 1248 1502 1005 1017 1972 1359 1488 1598 1039 1758 1016 1494 1484 1065 1191 1640 1149 1316 1524 1196 1591 1792 1513 1061 1075 1025 1037 1436 1457 1827 1130 1087 1609 1434 1738 1627 1185 1407 1809 1250 1288 1976 1795 1848 1913 1900 1141 1322 1391 1882 1386 1457 1928 1269 1333 1621 1796 1948 1008 1843 1470 1964 1730 1361 1042 1250 1751 1000 1571 1414 1791 1525 1631 1177 1268 BCNSPRNW ULIB Ver.6.0+V

เปลี่ยนเป็นภาษาไทย

Change to English
 แสดงรายละเอียดบรรณานุกรม
  กลับหน้าหลัก

Brief Record : Get Marc (ISO 2709) : E-mail record : QR code < ปิดหน้าต่าง
LEADER : 00000nam 2200000uu 4500
001    13399124018
003     ULIB
008    020711s2550 th a 000 0 tha d
020    9789749899298
090    นว.^bย731ค
100    โยโคมิโซะ เชชิ :^eเขียน
245    คดีฆ่าตกรรมบนเกาะโกะกุมน : คินดะอิจิยอดนักสืบ/^cโยโคมิโซะ เชชิ : เขียน,ชมนาด ศีติสาร : แปล
250    พิมพ์ครั้งที่ 6
260    กรุงเทพฯ :^b่JBOOK,^c2550
700    ชมนาด ศีติสาร :^eแปล
945    ^p195^l0^i022059
999    ^aกมลทิพย์ ธนสารสุธี
รายการนี้ยังไม่มีแท็ก
คุณยังไม่ได้ล็อกอิน คุณสามารถมีกิจกรรมร่วมกับเว็บไซต์ได้ แต่ต้องล็อกอินก่อน ::
  ล็อกอิน

รายการสื่อสารสนเทศ

ลำดับที่ ประเภท เลขเรียก/บาร์โค้ด สถานที่ สถานะ
1. นวนิยาย
นวนิยาย
นว. ย731ค ฉ.1 
  Barcode: 022059
ห้องสมุดวิทยาเขตสวรรค์ประชารักษ์
►นวนิยาย
บนชั้น
  ขอยืม

BibComment


ยังไม่เคยถูกคอมเมนท์

คอมเมนท์ทรัพยากรรายการนี้
  คอมเมนท์: คดีฆ่าตกรรมบนเกาะ..


 Copyright 2026. Bcnsprnw @Library